zpět

Detail výsledku týmu

Stodola, Olomouc

Datum a čas kvízu

34.5 Celkem bodů Celkový počet nahraných bodů na tomto kvízu bez doplňovacích otázek.
11. Pořadí na kvízu Konečné umístění týmu na tomto kvízu.

Zaznamenané odpovědi

# Otázka Odpověď Body Výsledky
1. V sobotu byla pro návštěvníky... Bohumil Hrabal, Kersko 1
2. Do jedné vesnické školy zapsal... ve Francii 0
3. Jeden z 28 evropských koncertů... Thirty Seconds to Mars (30 Seconds to Mars) 1
4. Bývalá manželka Billa Gatese M... Gatesova nadace 1
5. V sobotu se v Rijádu konal dlo... Tyson Fury, Oleksandr Usyk 0
6. Jména Mnata, Vojen či Vnislav... A 1
7. K Janu Žižkovi se váže jistá p... C 0
8. Přiřaďte k sobě dvojice hrdinů... 1B 2A 3C 4D 1
9. O hřbitovním kostele sv. Maří... Svatební košile 1
10. Pokud dokážete určit, co tento... Stadice 0